Responses for Show #1835 - Friday, July 17, 1992

1992 Seniors Tournament final game 2.
Last game of Season 8.

Contestants

[<< previous game]

Carolyn Meek, a high school English teacher from Houston, Texas (subtotal of $2,000)

Leonard Schmidt, an optometrist from Pittsburgh, Pennsylvania (subtotal of $11,200)

Hansford Epes, a German and humanities professor from Davidson, North Carolina (subtotal of $10,200)

[next game >>]

Jeopardy! Round responses

U.S. STATES
SPORTS
1956
HISTORIC NAMES
COOKING EQUIPMENT
RHYME TIME
    $100 26
(Alex: Less than a minute to go.)

Washington

Leonard
    $100 6
the stirrups

Leonard
    $100 1
a whooping crane

Hansford
    $100 12
Harriet Tubman

Leonard
    $100 8
a waffle iron

Leonard
    $100 21
a cat hat

Hansford
    $200 27
Plymouth

Leonard
    $200 7
table tennis (ping-pong)

Carolyn
    $200 2
Adlai Stevenson

Leonard
    $200 13
Leif Erikson

Triple Stumper
    $200 16
cookie cutters

Carolyn
    $200 22
(Leonard: What is coney money?)
(Carolyn: What is hare fare?)
[Laughter]
[After the Daily Double was uncovered Alex confirmed that the incorrect responses were not acceptable.]

bunny money

HansfordLeonardCarolyn
    $300 28
New Jersey

Leonard
    $300 9
runners

Leonard
    $300 3
Princess Grace

Leonard
    $300 14
Ethan Allen

Leonard
    $300 17
melon ballers

Carolyn
    $300 23
Morse's horses

Leonard
    $400 29
Arkansas

Hansford
    $400 10
gates

Leonard
    $400 4
(Hansford: Who is Churchill?)
(Alex: Be more specific.)

Winston Churchill

Hansford
    $400 15
Catherine Howard

Carolyn
    $400 18
a mallet

Carolyn
    $400 24
a cattle battle

Leonard
    $1,200 30
Ohio

Hansford
    $500 11
the saber

Leonard
    $500 5
Tokyo Rose

Leonard
    $500 20
the Medicis

Carolyn
    $500 19
a wok

Hansford
    $500 25
Earl's pearls

Carolyn

Scores at the first commercial break (after clue 15):

Hansford Leonard Carolyn
$500 $2,800 $600

Scores at the end of the Jeopardy! Round:

Hansford Leonard Carolyn
$2,900 $3,900 $2,300

Double Jeopardy! Round responses

LONDON
MOVIE SEQUELS
NOVELS
THE CIVIL WAR
SCIENCE
ANNUAL EVENTS
    $200 8
Buckingham

Leonard
    $200 2
Star Wars

Hansford
    $200 1
the Duchess of Windsor

Leonard
    $200 26
cotton

Leonard
    $200 12
a spring

Leonard
    $200 20
hobos

Hansford
    $400 14
Oxford Street

Hansford
    $400 7
Son of

Hansford
    $400 3
(Hansford: What is War and Remembrance?)

The Winds of War

HansfordCarolyn
    $400 27
(Leonard: Who is Grant?)

Lee

HansfordLeonard
    $400 13
Celsius

Hansford
    $400 21
Roanoke Island

Hansford
    $600 15
Edward the Confessor

Leonard
    $600 9
A Shot in the Dark

Leonard
    $600 4
(Hansford: Who is Truman Capote?)
(Carolyn: Who is Durrell?)

Norman Mailer

HansfordCarolyn
Triple Stumper
    $600 28
greenbacks

Carolyn
    $600 16
(Carolyn: What is barium?)

boron

LeonardCarolyn
    $600 22
Wisconsin

Leonard
    $800 18
theatres

Carolyn
    $800 10
The Bells of St. Mary's

Leonard
    $800 5
Beau Geste

Carolyn
    $800 29
(1 of) Kentucky (Missouri, Maryland, Delaware)

Hansford
    $800 17
rain

Carolyn
    $800 24
Muskogee

Hansford
    $1000 19
(Sir Francis) Chichester

Hansford
    $1000 11
(Alex: First feature film in CinemaScope, [*].)

The Robe

Triple Stumper
    $2,000 6
Rebecca

Carolyn
    $2,000 30
Stonewall Jackson

Hansford
    $1000 23
Io

Carolyn
    $1000 25
Minnesota

Carolyn

Scores at the end of the Double Jeopardy! Round:

Hansford Leonard Carolyn
$8,900 $7,500 $8,500

[wagering suggestions for these scores]

Final Jeopardy! Round responses

PRESIDENTIAL ELECTIONS
(Alex: You had to think back to 1968 when Hubert Humphrey ran against [*] and George Wallace.)
LeonardWho was Hayes
$7,500
CarolynWho was J. Carter?
$1,000
HansfordWho was Kennedy?
$8,000
Nixon

Final scores:

Hansford Leonard Carolyn
$900 $0 $7,500

Cumulative scores:

Hansford Leonard Carolyn
$11,100 $11,200 $9,500
1st runner-up: $11,100 Tournament champion: $25,000 2nd runner-up: $9,500

Game dynamics:

Coryat scores:

Hansford Leonard Carolyn
$7,200 $7,500 $7,500
18 R
(including 2 DDs),
2 W
24 R,
2 W
15 R
(including 1 DD),
3 W

Combined Coryat: $22,200

[game clues] [game scores] [suggest correction]

Game tape date: 1992-02-25
The J! Archive is created by fans, for fans. Scraping, republication, monetization, and malicious use prohibited; this site may use cookies and collect identifying information. See terms. The Jeopardy! game show and all elements thereof, including but not limited to copyright and trademark thereto, are the property of Jeopardy Productions, Inc. and are protected under law. This website is not affiliated with, sponsored by, or operated by Jeopardy Productions, Inc. Join the discussion at JBoard.tv.